| 000 | 01164cam a2200337 4500 | ||
|---|---|---|---|
| 001 | 34303 | ||
| 003 | BD-RjUL | ||
| 005 | 20211209052134.0 | ||
| 008 | 140515t1971 nyua 001 0 eng d | ||
| 020 | _a044400095X | ||
| 035 | _a(BD-RjUL)34397 | ||
| 040 |
_aDLC _cDLC _dDLC _dBD-RjUL _beng |
||
| 041 | _aeng | ||
| 082 | 0 | 0 |
_a301.1832 _bROO 1971 |
| 100 | 1 |
_aRome, Beatrice K. _9104294 |
|
| 245 | 1 | 0 |
_aOrganizational growth through decisionmaking : _ba computer-based experiment in eductive method / _cby Beatrice K. Rome and Sydney C. Rome. |
| 260 |
_aNew York : _bAmerican Elsevier Pub. Co., _cc1971. |
||
| 300 |
_axiii, 242 p. : _bill. ; _c24 cm. |
||
| 490 | 1 | _aPolicy sciences book series | |
| 504 | _aincludes index. | ||
| 650 | 0 |
_aSocial sciences _xMethodology. _9104295 |
|
| 650 | 0 |
_aSocial sciences _xResearch. _9104296 |
|
| 650 | 0 |
_aSocial sciences _xData processing. _935428 |
|
| 650 | 0 |
_aOrganization _xResearch. _948676 |
|
| 650 | 0 |
_aDecision making. _9104297 |
|
| 700 | 1 |
_aRome, Sydney Chester, _d1914- _ejoint author. _9104298 |
|
| 830 | 1 |
_aPolicy sciences book series _9104300 |
|
| 942 |
_2ddc _cBK |
||
| 999 |
_c34303 _d34303 |
||